MDQL
is popping MORE tags! Check the
thread
!
Quizzes
Events
Quiz Creation
Community
Videos
Private Events
Remove Ads
Sign In
Join for FREE
Feedback
Dark Mode
Quiz Categories
Sports
Geography
Music
Movies
Television
Just For Fun
Miscellaneous
History
Literature
Language
Science
Gaming
Entertainment
Religion
Holiday
For Kids
Quiz Lab
Recent
Popular Today
Quiz Kudos Today
Editor Picks
Curator Picks
Quizzes by...
Day
Popularity
Type
Ratings
Length
Year
Community
Subscriptions
Recent Discussions
Orange Saloon
Badges
Playlists
Quests
Create
Leaderboards
Showdown
Live 5
Trivia Bingo
Activity
Puzzle Library
Sporcle Events
Private Events
Virtual Trivia
Globe League
Become a Host
Pub Owners
SporcleCon
Opinionation
Our Games
Videos
Blog
Mobile Apps
Partnerships
Remove Ads and Go Orange
Feedback
Language
Vocabulary
Begins and Ends
Definition
Spanish
French
German
Italian
Chinese
Latin
Translation
Japanese
Language
Vocabulary
Begins and Ends
Definition
Spanish
French
German
Italian
Chinese
Latin
Translation
Japanese
Random Quiz
Search Sporcle
×
Quiz Lab
Quiz Lab
Language
Letter
Type in answers that appear in a list
Type in answers that appear in a list
Classic
Best Score? Go Orange.
Missing Letters Challenge: Famous US Cities Stats
Can you name the Famous US Cities?
By
tallonator
8m
70 Questions
27 Plays
27 Plays
27 Plays
Comments
Comments
Give Quiz Kudos
Give Quiz Kudos
-
- Ratings
hide this ad
Wrong Answers
Some wrong answers will appear in red
Some wrong answers will appear in red
Replay
Link that replays current quiz
Next Quiz
Link to next quiz in quiz playlist
You Got
0%
They Got
Avg Score
48%
Avg Friend Score
Upgrade to see
Score Distribution
Jump to the score distribution portion of the page
Score
0/70
Timer
08:00
0
Plays Today
City Missing Letters
City Name
% Correct
_
e_
Y_
r_
???
92.6%
_
o_
A_
g_
l_
s
???
88.9%
_
h_
c_
g_
???
85.2%
_
a_
F_
a_
c_
s_
o
???
77.8%
_
o_
t_
n
???
77.8%
_
h_
l_
d_
l_
h_
a
???
74.1%
_
i_
a_
i
???
74.1%
_
i_
t_
s_
u_
g_
???
74.1%
_
e_
v_
r
???
70.4%
_
i_
n_
a_
o_
i_
???
66.7%
_
o_
s_
o_
???
66.7%
_
t. _
o_
i_
???
66.7%
_
a_
D_
e_
o
???
66.7%
_
i_
t_
l_
R_
c_
???
66.7%
_
n_
i_
n_
p_
l_
s
???
66.7%
_
a_
V_
g_
s
???
66.7%
_
i_
c_
n_
a_
i
???
63%
_
t_
a_
t_
???
63%
_
a_
l_
s
???
63%
_
e_
t_
l_
???
63%
_
a_
k_
o_
v_
l_
e
???
63%
_
k_
a_
o_
a _
i_
y
???
63%
_
a_
A_
t_
n_
o
???
63%
_
l_
v_
l_
n_
???
59.3%
_
o_
i_
v_
l_
e
???
59.3%
_
a_
h_
i_
l_
???
59.3%
_
e_
O_
l_
a_
s
???
59.3%
_
t. _
e_
e_
s_
u_
g
???
59.3%
_
a_
s_
s _
i_
y
???
55.6%
_
r_
a_
d_
???
55.6%
_
o_
t W_
y_
e
???
55.6%
_
a_
J_
s_
???
55.6%
_
a_
t _
a_
e _
i_
y
???
51.9%
_
h_
e_
i_
???
51.9%
_
u_
t_
n
???
51.9%
City Missing Letters
City Name
% Correct
_
o_
u_
b_
s
???
48.1%
_
k_
o_
???
48.1%
_
a_
r_
m_
n_
o
???
48.1%
_
e_
r_
i_
???
44.4%
_
a_
a_
n_
h
???
44.4%
_
o_
t_
a_
n_
???
44.4%
_
a_
p_
???
44.4%
_
a_
t_
m_
r_
???
44.4%
_
a_
h_
n_
t_
n
???
44.4%
_
i_
w_
u_
e_
???
44.4%
_
h_
r_
o_
t_
???
44.4%
_
r_
n_
R_
p_
d_
???
44.4%
_
e_
a_
k
???
40.7%
_
p_
k_
n_
???
40.7%
_
n_
A_
b_
r
???
40.7%
_
y_
a_
u_
e
???
37%
_
o_
e_
o
???
37%
_
r_
s_
o
???
37%
_
e_
p_
i_
???
37%
_
r_
v_
d_
n_
e
???
37%
_
a_
e_
g_
???
37%
_
n_
h_
r_
g_
???
33.3%
_
i_
h_
o_
d
???
33.3%
_
e_
a
???
29.6%
_
a_
l_
n_
???
29.6%
_
o_
h_
s_
e_
???
22.2%
_
a_
t_
o_
d
???
18.5%
_
a_
t_
n
???
14.8%
_
h_
e_
e_
o_
t
???
14.8%
_
l_
e_
t_
w_
???
11.1%
_
a_
o_
a
???
11.1%
_
o_
n_
s_
o_
n
???
7.4%
_
o_
e_
t_
???
3.7%
_
a_
t_
n
???
0%
_
u_
a_
l_
n_
???
0%
Quiz Playlist
Details
Report
Send in Message
Add To Playlist
Classic:
Type in answers that appear in a list
Wrong Answers:
Some wrong answers will appear in red
Last Updated: Feb 16, 2017
Quiz Scoreboard
CHALLENGE
Sign Up to Join the Scoreboard
Show All
Scores
Hide
Comments
May contain spoilers
Recently Published
Two Season TV Shows II
by 123Four
Television
10m
Image Sorting: Flags VI
by Barbecue
Geography
2m
Find the 'City' Movie
by crazypaving
Movies
60s
More to Explore
Quiz From the Vault
Featured Blog Post
14 Easter Pick-up Lines to Find Eggs With
hide this ad
You Might Also Like...
Tags
City Quiz
Famous Quiz
Letter Quiz
United States Quiz
Famous Names
metropolitan
msa
Today's Top Quizzes in Language
Browse Language
hide this ad
Today's Top Quizzes in Letter
Browse Letter
Top Contributed Quizzes in Language
1
What Word Starts All?
2
1-10 Letter F Words III
3
1-10 Letter G Words III
4
Weisst du, aus welchen Sprachen diese Wörter stammen?
5
1-10 Letter H Words III
6
Harry Potter book 6 chapters: English & Greek
7
Arabic Numerals
8
One Thing in Common: Italy
9
1-10 Letter I Words III
10
Celtic Nations in their Language
Explore More
Trending Topics
NBA
Marvel
Crossword
Kpop
Disney
Harry Potter
Anime
Song
Puzzle
WWE
The Office
Country
Soccer
NFL
Pokémon
hide this ad
More By:
tallonator
Quiz
Plays
Rating
Category
Featured
Created
20 Largest 'S' US Metro Areas
72,004
4.31
Geography
Jan 1, 2013
Cars Available in 1920
22,339
4.55
History
Mar 31, 2015
World's Fairs
19,734
4.33
History
Nov 1, 2011
Star Wars Line Assignments
16,019
4.51
Movies
Sep 10, 2017
Steven Spielberg Best Director Golden Globe Wins & Noms
4,607
4.43
Movies
Sep 2, 2017
Go to Creator's Profile
Score Distribution
Quiz Creator Spotlight
tallonator
Follow
Send a Message
Quizzes Created
-
Created Quiz Play Count
-
More By This Creator
Popular Quizzes Today
1
Find the US States - No Outlines Minefield
2
Colored Red Africa Blitz
3
Find the 'City' Movie
4
5x2 Blitz: Bands
5
The Countries of the World
6
Find the Countries of Europe - No Outlines Minefield
7
Find the US States
8
US States
More Language Quizzes
6 Letter Word Mash-Ups
Published
Trending Quizzes
Colored Red Europe Blitz I
Colored Red Africa Blitz II
Colored Red Europe Blitz II
Even More Two Season TV Shows
Colored Red Africa Blitz III
Recently Updated
March Madness Men's Triple Doubles
pecheneg
How Do You Spell That?
pecheneg
Godzilla Movies
pecheneg
Grab Bag: 4-10 Letters
pecheneg
2024 March Madness Bracket
pecheneg
Famous TV Couples
Peacemaker
Champions League XIs: Real Madrid
pecheneg
Largest US Cities 1790-2010
pecheneg
Rides in Walt Disney World
pecheneg
Most Oscar Losses (Acting)
pecheneg
Trending Topics
NBA
Kpop
Crossword
Marvel
Harry Potter
Anime
Disney
Pokémon
NFL
Puzzle
WWE
The Office
Soccer
Country
Song
Your Account Isn't Verified!
In order to create a playlist on Sporcle, you need to verify the email address you used during registration. Go to your
Sporcle Settings
to finish the process.
Report this User
Report this user for behavior that violates our
Community Guidelines
.
Details:
Send Report
Go to the Sporcle.com Mobile Site →
Comments